000 01286nam a2200325 a 4500
001 BRCA_739
005 20190320203128.0
008 961204s1996 mx-a---##b---#000-0#spa-u
020 _a968653346X
040 _aDLC
_cDLC
041 _aspaeng
050 4 _aNK844
_b.U86 4
_c1996
245 1 0 _aCerámica inglesa en México
_cOlivia Barclay Jones, Ana Paulina Gámez Martínez, Olivia Castro Morales.
260 _aMéxico
_bMuseo Franz Mayer : The British Council : Artes de México
_c1996
300 _a71 p.
_bil. a color
_c23 cm.
440 0 _aColección Uso y estilo
_v4
_92435
500 _aCatálogo de la exposicón realizada en el Museo Franz Mayer (Ciudad de México), 29 agosto - 10 noviembre, 1996
500 _aEl ejemplar 1 incluye invitación
500 _a2 ejemplares en Biblioteca
504 _aBibliografía : p. 71
546 _aTexto en : español e inglés
650 1 4 _aMercancías de transferencia azul y blanco
_vExposiciones
_92436
650 1 4 _aCerámica inglesa
_vExposiciones
_92437
650 1 4 _aCerámica mexicana
_vExposiciones
_91705
700 1 _aBarclay Jones, Olivia
_92438
700 1 _aCastro Morales, Olivia
_92439
700 1 _aGámez Martínez, Ana Paulina
_92440
710 2 _aMuseo Franz Mayer (Ciudad de México)
_92266
942 _2lcc
_cB
999 _c638
_d638